MDQL
is popping MORE tags! Check the
thread
!
Quizzes
Events
Quiz Creation
Community
Videos
Private Events
Remove Ads
Sign In
Join for FREE
Feedback
Dark Mode
Quiz Categories
Sports
Geography
Music
Movies
Television
Just For Fun
Miscellaneous
History
Literature
Language
Science
Gaming
Entertainment
Religion
Holiday
For Kids
Quiz Lab
Recent
Popular Today
Quiz Kudos Today
Editor Picks
Curator Picks
Quizzes by...
Day
Popularity
Type
Ratings
Length
Year
Community
Subscriptions
Recent Discussions
Orange Saloon
Badges
Playlists
Quests
Create
Leaderboards
Showdown
Live 5
Trivia Bingo
Activity
Puzzle Library
Sporcle Events
Private Events
Virtual Trivia
Globe League
Become a Host
Pub Owners
SporcleCon
Opinionation
Our Games
Videos
Blog
Mobile Apps
Partnerships
Remove Ads and Go Orange
Feedback
History
US Presidents
World Leaders
Politics
Nation
Discovery
War
Decade
Year
Century
Biography
Art
History
US Presidents
World Leaders
Politics
Nation
Discovery
War
Decade
Year
Century
Biography
Art
Random Quiz
Search Sporcle
×
Quiz Lab
Quiz Lab
History
Quote
Type in answers that appear in a list
Type in answers that appear in a list
Classic
Best Score? Go Orange.
Edmund Burke Quotes Stats
Can you complete the Edmund Burke Quotes?
By
DonnaBee
5m
22 Questions
7 Plays
7 Plays
7 Plays
Comments
Comments
Give Quiz Kudos
Give Quiz Kudos
-
- Ratings
hide this ad
More Info
Random Order
Randomize order of answers
Randomize order of answers
Replay
Link that replays current quiz
Next Quiz
Link to next quiz in quiz playlist
You Got
0%
They Got
Avg Score
37%
Avg Friend Score
Upgrade to see
Score Distribution
Jump to the score distribution portion of the page
Score
0/22
Timer
05:00
0
Plays Today
Quote
Missing Word
% Correct
No passion so effectually robs the mind of all its powers of acting and reasoning as _
_
_
_
.
Fear
85.7%
Nobody made a greater mistake than he who did _
_
_
_
_
_
_
because he could do only a little.
Nothing
71.4%
The only thing necessary for the _
_
_
_
_
_
_
of evil is for good men to do nothing.
Triumph
57.1%
But what is liberty without _
_
_
_
_
_
, and without virtue? It is the greatest of all possible evils; for it is folly, vice, and madness, without tuition or restraint.
Wisdom
57.1%
To _
_
_
_
_
without reflecting is like eating without digesting.
Read
42.9%
We must all obey the great law of _
_
_
_
_
_
. It is the most powerful law of nature.
Change
42.9%
_
_
_
_
_
are to the mind what food is to the body.
Facts
42.9%
The true danger is when _
_
_
_
_
_
_
is nibbled away, for expedience, and by parts.
Liberty
42.9%
_
_
_
_
_
_
_
_
can creep as well as soar.
Ambition
42.9%
It is ordained in the eternal constitution of things, that men of intemperate minds cannot be free. Their _
_
_
_
_
_
_
_
forge their fetters.
Passions
42.9%
Your representative owes you, not his industry only, but his _
_
_
_
_
_
_
_
; and he betrays instead of serving you if he sacrifices it to your opinion.
Judgment
42.9%
Quote
Missing Word
% Correct
The greater the power, the more _
_
_
_
_
_
_
_
_
the abuse.
Dangerous
28.6%
_
_
_
_
_
_
_
_
_
is the cheap defense of nations.
Education
28.6%
_
_
_
_
_
_
is the art of substantiating shadows, and of lending existence to nothing.
Poetry
28.6%
_
_
_
_
, like houses, lean on one another.
Laws
28.6%
If you can be well without health, you may be happy without _
_
_
_
_
_
.
Virtue
28.6%
Magnanimity in politics is not seldom the truest wisdom; and a great _
_
_
_
_
_
and little minds go ill together.
Empire
28.6%
When bad men combine, the good must associate; else they will fall one by one, an unpitied _
_
_
_
_
_
_
_
_
in a contemptible struggle.
Sacrifice
14.3%
Our _
_
_
_
_
_
_
_
will achieve more than our force.
Patience
14.3%
A disposition to preserve, and an ability to _
_
_
_
_
_
_
, taken together, would be my standard of a statesman.
Improve
14.3%
_
_
_
_
_
_
_
_
is the spur of noble minds, the end and aim of weak ones.
Applause
14.3%
_
_
_
_
_
_
_
_
_
_
is good for all, or it is good for none.
Toleration
14.3%
Quiz Playlist
Details
Report
Send in Message
Add To Playlist
More Info:
Can you fill in the missing word to each quote?
Classic:
Type in answers that appear in a list
Random Order:
Randomize order of answers
Quiz Source
Last Updated: Feb 16, 2017
Quiz Scoreboard
CHALLENGE
Sign Up to Join the Scoreboard
Show All
Scores
Hide
Comments
May contain spoilers
Recently Published
1-10 Letter E Words III
by El_Dandy
Language
2m
Street Fighter Characters
by Artimus82
Gaming
60s
College Basketball Coaching Resumes
by pancakes188
Sports
9m
More to Explore
Quiz From the Vault
Featured Blog Post
Where Did the Easter Bunny Come From?
hide this ad
You Might Also Like...
Tags
Quote Quiz
burke
Liberty
Today's Top Quizzes in History
Browse History
hide this ad
Today's Top Quizzes in Quote
Browse Quote
Top Contributed Quizzes in History
1
Popular People in 1991
2
Popular People in 1981
3
Popular People in 1951
4
Popular People in 1941
5
Popular People in 1986
6
Popular People in 1976
7
Popular People in 1921
8
5-to-1: 20th Century Images of War
9
I Am Born On March 28th
10
Popular People in 1946
Explore More
Trending Topics
Harry Potter
Kpop
Anime
Crossword
Marvel
Disney
NBA
Country
Puzzle
Soccer
The Office
NFL
Pokémon
Song
WWE
hide this ad
More By:
DonnaBee
Quiz
Plays
Rating
Category
Featured
Created
Word Ladder: Wish for Cratchit
5,039
4.15
Just For Fun
Dec 29, 2014
Chemical Element, or Not?
1,433
4.77
Science
May 12, 2015
Rhymes with Rip
1,330
4.21
Language
May 24, 2015
Maryland Trivia
929
4.00
Miscellaneous
Aug 18, 2010
Whales and Dolphins
825
4.17
Science
Jan 23, 2010
Go to Creator's Profile
Score Distribution
Quiz Creator Spotlight
DonnaBee
Follow
Send a Message
Quizzes Created
-
Created Quiz Play Count
-
More By This Creator
Popular Quizzes Today
1
Find the US States - No Outlines Minefield
2
Find the Countries of Europe - No Outlines Minefield
3
The Countries of the World
4
Find the US States
5
Risky Map Clicking: Biggest States A-Z
6
US States
7
Popular People in 1961
8
Movies - When Are They Set?
More History Quizzes
Find the World War 2 Tanks
Editor's Pick
Trending Quizzes
Risky Map Clicking: Least Populous States A-Z
1-10 Letter G Words
1-10 Letter F Words
Countries of the World: 200 Million BC
Risky Map Clicking: Next State Alphabetically
Recently Updated
Beyoncé Albums
pecheneg
Leaping Animals
pecheneg
Reality TV Shows (A-Z)
bhenderson79
Rickey Henderson's Hall of Fame Teammates
pecheneg
Champions League XIs: Arsenal
pecheneg
Quick Pick: Celebrities in WWE's Hall of Fame
aduchscher
A-Z Keypad Blitz II
pecheneg
Multiple Oscar Actors
pecheneg
Mystery Phrase Blitz: Oscar 'Best Actors'
pecheneg
F. Scott Fitzgerald Novels
LTH
Trending Topics
NBA
Harry Potter
Kpop
Marvel
Anime
Crossword
Disney
Country
NFL
Pokémon
Soccer
WWE
Puzzle
The Office
Song
Your Account Isn't Verified!
In order to create a playlist on Sporcle, you need to verify the email address you used during registration. Go to your
Sporcle Settings
to finish the process.
Report this User
Report this user for behavior that violates our
Community Guidelines
.
Details:
Send Report
Go to the Sporcle.com Mobile Site →
Comments